Formula 1: Every Driver Ever - Statistics

General Stats
  • This quiz has been taken 45 times
    30 since last reset
  • The average score is 408 of 861
Answer Stats
Drivers % Correct
Al Herman
100%
Al Keller
100%
Al Pease
100%
Alain Prost
90%
Alex Albon
90%
Daniel Ricciardo
90%
George Russell
90%
Jack Doohan
90%
Jos Verstappen
90%
Michael Schumacher
90%
Ralf Schumacher
90%
Allen Berg
86%
Ayrton Senna
86%
Bruno Senna
86%
Christian Fittipaldi
86%
Jack Aitken
86%
Jack Brabham
86%
Jackie Stewart
86%
Jacques Villeneuve
86%
Jacques Villeneuve Sr.
86%
Jean Alesi
86%
Jean Behra
86%
Jean-Eric Vergne
86%
Jean-Pierre Jabouille
86%
Nico Hulkenberg
86%
Alan Jones
81%
Alessandro Zanardi
81%
Alex Blignaut
81%
Alex Yoong
81%
Andre Simon
81%
Christian Klien
81%
Daniil Kvyat
81%
David Brabham
81%
David Coulthard
81%
Eric Brandon
81%
Franco Colapinto
81%
Jack Fairman
81%
Jackie Holmes
81%
Jackie Oliver
81%
Jackie Pretorius
81%
Jack Lewis
81%
Jack McGrath
81%
Jack Turner
81%
Jacky Ickx
81%
Jac Nelleman
81%
Jacques Laffite
81%
Jacques Pollet
81%
Jacques Swaters
81%
James Hunt
81%
Jean-Denis Deletraz
81%
Jean-Louis Schlesser
81%
Jean Lucas
81%
Jean Lucienbonnet
81%
Jean-Pierre Beltoise
81%
Jean-Pierre Jarier
81%
Jimmy Stewart
81%
Jo Bonnier
81%
John Barber
81%
Johnny Boyd
81%
Johnny Herbert
81%
John Surtees
81%
Jonathan Palmer
81%
Kimi Antonelli
81%
Lewis Hamilton
81%
Max Jean
81%
Max Verstappen
81%
Michael Andretti
81%
Michele Alboreto
81%
Mick Schumacher
81%
Pierre Gasly
81%
Robert Kubica
81%
Sebastian Vettel
81%
Stuart Lewis-Evans
81%
Yuki Tsunoda
81%
Alain de Changy
76%
Alan Brown
76%
Alan Rees
76%
Alan Rollinson
76%
Alan Stacey
76%
Alberto Ascari
76%
Alessandro de Tomaso
76%
Alessandro Nannini
76%
Alessandro Pesenti-Rossi
76%
Alexander Rossi
76%
Alexander Wurz
76%
Alex Caffi
76%
Alex Ribeiro
76%
Alex Soler-Roig
76%
Allan McNish
76%
Andre Guelfi
76%
Andre Lotterer
76%
Andre Milhoux
76%
Andre Pilette
76%
Andre Testut
76%
Bob Anderson
76%
Bob Scott
76%
Charles Leclerc
76%
Chris Amon
76%
Chris Bristow
76%
Christijan Albers
76%
Emerson Fittipaldi
76%
Eric Bernard
76%
Giancarlo Baghetti
76%
Jean-Marc Gounon
76%
Jim Clark
76%
Joe Fry
76%
Joe James
76%
Joe Kelly
76%
Jo Gartner
76%
John Campbell-Jones
76%
John Cannon
76%
John Cordts
76%
John Fitch
76%
John James
76%
John Love
76%
John Miles
76%
John Nicholson
76%
Johnnie Parsons
76%
Johnnie Tolan
76%
Johnny Cecotto
76%
Johnny Claes
76%
Johnny Dumfries
76%
Johnny Mantz
76%
Johnny McDowell
76%
Johnny Servoz-Gavin
76%
Johnny Thompson
76%
John Rhodes
76%
John Riseley-Pritchard
76%
John Taylor
76%
John Watson
76%
Joie Chitwood
76%
Jonathan Williams
76%
Jo Schlesser
76%
Jo Siffert
76%
Jo Vonlanthen
76%
Juan Manuel Fangio
76%
Mark Webber
76%
Martin Brundle
76%
Nicholas Latifi
76%
Nico Rosberg
76%
Niki Lauda
76%
Oscar Piastri
76%
Phil Hill
76%
Roberto Bonomi
76%
Tom Belso
76%
Tom Bridger
76%
Tom Pryce
76%
Wilson Fittipaldi
76%
Bob Bondurant
71%
Bobby Ball
71%
Bobby Rahal
71%
Bobby Unser
71%
Chris Craft
71%
Chris Danner
71%
Chris Irwin
71%
Chris Lawrence
71%
Christian Goethals
71%
Cristiano da Matta
71%
Dan Gurney
71%
Danny Kladis
71%
Danny Ongais
71%
Danny Sullivan
71%
David Clapham
71%
David Hampshire
71%
David Hobbs
71%
David Murray
71%
David Piper
71%
David Prophet
71%
David Purley
71%
David Walker
71%
Duncan Hamilton
71%
Eddie Irvine
71%
Eric Thompson
71%
Eric van de Poele
71%
Erik Comas
71%
Fernando Alonso
71%
Georges Berger
71%
Giancarlo Fisichella
71%
Henry Taylor
71%
Jan Magnussen
71%
Jean-Christophe Boullion
71%
Juan Manuel Bordeu
71%
Juan Pablo Montoya
71%
Kevin Magnussen
71%
Kimi Raikkonen
71%
Louis Chiron
71%
Mark Blundell
71%
Michael Bartels
71%
Michael Bleekmolen
71%
Michel Lecrere
71%
Pedro de la Rosa
71%
Peter Arundell
71%
Peter Ashdown
71%
Peter Ryan
71%
Piers Courage
71%
Pietro Fittipaldi
71%
Robert Doornbos
71%
Robert Drake
71%
Robert La Caze
71%
Robert Manzon
71%
Robert O'Brien
71%
Roberto Bussinello
71%
Roberto Guerrero
71%
Roberto Lippi
71%
Roberto Merhi
71%
Roberto Mieres
71%
Roberto Moreno
71%
Rob Schroeder
71%
Rob Slotemaker
71%
Sebastien Buemi
71%
Thomas Monarch
71%
Tomas Enge
71%
Tom Jones
71%
Tommy Byme
71%
Zhou Guanyu
71%
Adolfo Schewelm Cruz
67%
Bobby Grim
67%
Bob Christie
67%
Bob Evans
67%
Bob Gerard
67%
Bob Hayje
67%
Bob Said
67%
Bob Sweikert
67%
Bob Vieth
67%
Charles Pic
67%
Damon Hill
67%
Dennis Taylor
67%
Eddie Cheever
67%
Eugene Martin
67%
Frank Gardner
67%
Gerhard Berger
67%
Hans Binder
67%
Jochen Mass
67%
Karl Wendlinger
67%
Louis Rosier
67%
Luca Badoer
67%
Luigi Fagioli
67%
Marc Gene
67%
Marc Surer
67%
Mario Andretti
67%
Mark Donohue
67%
Martin Donnelly
67%
Michael May
67%
Mika Hakkinen
67%
Mike Beuttler
67%
Mike Taylor
67%
Nicolas Kiesa
67%
Oscar Gonzalez
67%
Paul Belmondo
67%
Pedro Diniz
67%
Pedro Rodriguez
67%
Pete Lovely
67%
Peter Collins
67%
Peter de Klerk
67%
Peter Gethin
67%
Peter Hirt
67%
Peter Proeker
67%
Peter Revson
67%
Peter Walker
67%
Peter Westbury
67%
Peter Whitehead
67%
Philippe Adams
67%
Philippe Alliot
67%
Ricardo Rodriguez
67%
Riccardo Patrese
67%
Rikky von Opel
67%
Sebastien Bourdais
67%
Will Heeks
67%
Will Stevens
67%
Willy Mairesse
67%
Wolfgang von Trips
67%
Adolf Brudes
62%
Adrian Sutil
62%
Alberto Rodriguez Larreta
62%
Archie Scott Brown
62%
Bill Moss
62%
Brian Shawe Taylor
62%
Carl Forberg
62%
Carlos Sainz
62%
Carl Scarborough
62%
Eddie Johnson
62%
Edgar Barth
62%
Franco Rol
62%
Frank Armi
62%
Gary Brabham
62%
George Abecassis
62%
George Amick
62%
Hans Hermann
62%
Hans Heyer
62%
Hans Joachim Stuck
62%
Hans Klenk
62%
Hans Von Stuck
62%
Heinz-Harald Frentzen
62%
Jim Crawford
62%
Jimmy Bryan
62%
Jimmy Jackson
62%
Jose Froilan Gonzalez
62%
Juan Jover
62%
Karl King
62%
Liam Lawson
62%
Lucas di Grassi
62%
Luciano Burti
62%
Luigi Musso
62%
Luis Perez-Sala
62%
Max Chilton
62%
Mika Salo
62%
Mike Hailwood
62%
Mike Hawthorn
62%
Nikita Mazepin
62%
Nyck de Vries
62%
Oliver Bearman
62%
Oscar Alfredo Galvez
62%
Paul di Resta
62%
Paul Emery
62%
Paul England
62%
Paul Frere
62%
Paul Goldsmith
62%
Paul Hawkins
62%
Paul Pietsch
62%
Paul Russo
62%
Pedro Chaves
62%
Pedro Lamy
62%
Phil Cade
62%
Philip Fotheringham-Parker
62%
Philippe Etancelin
62%
Philippe Streiff
62%
Ronnie Bucknum
62%
Ronnie Peterson
62%
Sakon Yamamoto
62%
Trevor Taylor
62%
Vic Wilson
62%
Wolfgang Siedel
62%
Yuji Ide
62%
Adrian Campos
57%
Aguri Suzuki
57%
Alberto Crespo
57%
Alberto Uria
57%
Andrea de Adamich
57%
Andrea de Cesaris
57%
Anthony Davidson
57%
Bill Brack
57%
Brian Hart
57%
Conny Andersson
57%
Dempsey Wilson
57%
Derek Bell
57%
Derek Warwick
57%
Desire Wilson
57%
Eddie Keizan
57%
Eddie Russo
57%
Eddie Sachs
57%
Ed Elisian
57%
Elmer George
57%
Esteban Ocon
57%
Franck Montagny
57%
Franco Comotti
57%
Franco Forini
57%
Francois Cevert
57%
Frank Dochnal
57%
Gabriel Bortoleto
57%
George Connor
57%
George Constantine
57%
George Eaton
57%
George Follmer
57%
George Fonder
57%
Georges Gridnard
57%
Gerhard Miller
57%
Graham Hill
57%
Henry Banks
57%
Jaime Alguersuari
57%
Jan Flinterman
57%
Jan Lammers
57%
Jim Hall
57%
Jim Hurtubise
57%
Jim McWithey
57%
Jimmy Davies
57%
Jimmy Daywalt
57%
Jimmy Reece
57%
Jim Rathmann
57%
Jim Rigsby
57%
Jorge Daponte
57%
Jules Bianchi
57%
Justin Wilson
57%
Keke Rosberg
57%
Kevin Cogan
57%
Luigi Piotti
57%
Luigi Taramazzo
57%
Luigi Villoresi
57%
Marcus Ericsson
57%
Mario de Araujo Cabral
57%
Max de Terra
57%
Mike Fisher
57%
Mike Harris
57%
Mike MacDowel
57%
Mike Magill
57%
Mike Nazaruk
57%
Mike Parkes
57%
Mike Sparken
57%
Mike Spence
57%
Mike Thackwell
57%
Mike Wilds
57%
Oscar Larrauri
57%
Pat Flaherty
57%
Pat O'Connor
57%
Patrick Depailler
57%
Patrick Friesacher
57%
Patrick Gaillard
57%
Patrick Neve
57%
Patrick Tambay
57%
Ricardo Zonta
57%
Riccardo Paletti
57%
Ron Flockhart
57%
Timo Glock
57%
Tim Parnell
57%
Vic Elford
57%
Antonio Giovinazzi
52%
Bill Aston
52%
Bill Cantrell
52%
Bill Cheesbourg
52%
Bill Holland
52%
Bill Homeier
52%
Bill Mackey
52%
Bill Schindler
52%
Bill Vukovich
52%
Bill Whitehouse
52%
Billy Garrett
52%
Brendon Hartley
52%
Carlo Abate
52%
Charles de Tornaco
52%
Charles Pozzi
52%
Clay Regazzoni
52%
Felipe Massa
52%
Francois Hesnault
52%
Francois Mazet
52%
Francois Migault
52%
Francois Picard
52%
Gregor Foitek
52%
Heikki Kovalainen
52%
Henri Louveau
52%
Henri Pescarolo
52%
Ian Ashley
52%
Ian Scheckter
52%
Isack Hadjar
52%
Jochen Rindt
52%
Jochim Winkelhock
52%
Jody Scheckter
52%
Josef Peters
52%
Kamui Kobayashi
52%
Lando Norris
52%
Lucien Bianchi
52%
Markus Winkelhock
52%
Pierre-Henri Raphanel
52%
Pierre Levegh
52%
Ricardo Londono
52%
Ricardo Rosset
52%
Ricardo Zunino
52%
Richard Attwood
52%
Richard Robarts
52%
Richie Ginther
52%
Roger Penske
52%
Roger Williamson
52%
Sergio Perez
52%
Stefan Bellof
52%
Timmy Mayer
52%
Tim Schenken
52%
Tony Brise
52%
Valtteri Bottas
52%
Yoshio Suzuki
52%
Andrea Chiesa
48%
Andrea Montermini
48%
Antonio Creus
48%
Antonio Pizzonia
48%
Brian Gubby
48%
Brian Henton
48%
Brian McGuire
48%
Brian Naylor
48%
Bruce McLaren
48%
Carlos Pace
48%
Carlos Reutemann
48%
Colin Davis
48%
Dennis Poore
48%
Denny Hulme
48%
Derek Daly
48%
Esteban Tuero
48%
Graham Whitehead
48%
Helmuth Koinigg
48%
Helmut Marko
48%
Helmut Niedermayr
48%
Innes Ireland
48%
Jarno Trulli
48%
Lance Stroll
48%
Les Leston Leslie Johnson
48%
Nick Heidfeld
48%
Nigel Mansell
48%
Nino Farina
48%
Oliver Gendebien
48%
Olivier Beretta
48%
Olivier Grouillard
48%
Olivier Panis
48%
Pastor Maldonado
48%
Rene Arnoux
48%
Roger Laurent
48%
Roger Loyer
48%
Rubens Barrichello
48%
Sergey Sirotkin
48%
Stefan Johansson
48%
Toni Branca
48%
Tony Bettenhausen
48%
Tony Brooks
48%
Vitaly Petrov
48%
Zsolt Baumgartner
48%
Ben Pon
43%
Bernie Ecclestone
43%
Brian Redman
43%
Bruce Halford
43%
Bruce Johnstone
43%
Bruce Kessler
43%
Bruco Giacomelli
43%
Carlo Facetti
43%
Carlo Gimax Franchi
43%
Carlos Menditeguy
43%
Didier Pironi
43%
Elio de Angelis
43%
Enrique Bernoldi
43%
Esteban Gutierrez
43%
Graham McRae
43%
Guy Ligier
43%
Heinz Schiller
43%
Ian Burgess
43%
Ian Ruby
43%
Ian Stewart Ignazio Giunti
43%
Jose Dolhem
43%
Kauren Chandhok
43%
Kazuki Nakajima
43%
Kunimitsu Takahashi
43%
Logan Sargeant
43%
Lorenzo Bandini
43%
Narain Karthikeyan
43%
Nicola Larini
43%
Romain Grosjean
43%
Satoru Nakajima
43%
Stirling Moss
43%
Takuma Sato
43%
Toni Ulmen
43%
Tony Crook
43%
Tony Gaze
43%
Tony Maggs
43%
Tony Marsh
43%
Tony Roll
43%
Tony Settember
43%
Tony Shelly
43%
Tony Trimmer
43%
Trevor Biokdyk
43%
Walt Brown
43%
Warwick Brown
43%
Aldo Gordini
38%
Bernd Schneider
38%
Chet Miller
38%
Eugene Chaboud
38%
Eugenio Castellotti
38%
Felipe Nasr
38%
Gabriele Tarquini
38%
Giedo van der Garde
38%
Guy Edwards
38%
Harald Ertl
38%
Harry Blanchard
38%
Ivan Capelli
38%
Leila Lombardi
38%
Manfred Winkelhock
38%
Masahiro Hasemi
38%
Nanni Galli
38%
Nelson Piquet
38%
Nelson Piquet Jr.
38%
Pascal Wehrlein
38%
Pierluigi Martini
38%
Reg Parnell
38%
Rodger Ward
38%
Roland Ratzenberger
38%
Travis Webb
38%
Anthony Joseph Foyt
33%
Bianni Morbidelli
33%
Brett Lunger
33%
Chico Serra
33%
Colin Chapman
33%
Don Branson
33%
Fred Agabashian
33%
Fred Gamble
33%
Gary Hocking
33%
Gerard Larrousse
33%
Guy Mairesse
33%
Guy Tunmer
33%
Harry Schell
33%
Herbert MacKay-Fraser
33%
Hernando da Silva Ramos
33%
Jenson Button
33%
Kenny Acheson
33%
Rio Haryanto
33%
Rolf Stommelen
33%
Taki Inoue
33%
Torsten Palm
33%
Alfonso de Portago
29%
Benarnd de Dryver
29%
Bertrand Gachot
29%
Chuck Arnold
29%
Corrado Fabi
29%
Don Beauman
29%
Don Edmunds
29%
Don Freeland
29%
Emilio de Vilota
29%
Fred Wacker
29%
Gaston Mazzacane
29%
Gene Hartley
29%
Gianmaria Bruni
29%
Gilles Vileneuve
29%
Giorgio Bassi
29%
Giorgio Pantano
29%
Gunnar Nilsson
29%
Jerome d'Ambrosio
29%
Jolyon Palmer
29%
Ken Downing
29%
Ken Kavanagh
29%
Ken Miles
29%
Kenneth McAlpine
29%
Ken Richardson
29%
Ken Wharton
29%
Luiz Bueno
29%
Maria Teresa de Filippis
29%
Mauri Rose
29%
Miguel Angel Guerra
29%
Nino Vaccarella
29%
Pascal Fabre
29%
Ralph Firman
29%
Sam Hanks
29%
Sam Posey
29%
Sam Tingle
29%
Stefano Modena
29%
Teo Fabi
29%
Tiff Needell
29%
Walt Ader
29%
Alfonso Thiele
24%
Bernard Collomb
24%
Cal Niday
24%
Chuck Daigh
24%
Chuck Stevenson
24%
Chuck Weyant
24%
Eliseo Salazar
24%
Gene Force
24%
Geoff Duke
24%
Geoff Grossley
24%
Geoff Lees
24%
Giorgio Francia
24%
Giorgio Scarlatti
24%
Kurt Adolff
24%
Kurt Ahrens
24%
Lance Macklin
24%
Lance Reventlow
24%
Lee Wallard
24%
Len Duncan
24%
Lloyd Ruby
24%
Marco Apicella
24%
Mauro Baldi
24%
Paddy Driver
24%
Paolo Barilla
24%
Prince Bira
24%
Ray Crawford
24%
Raymond Sommer
24%
Vitantonio Liuzzi
24%
Walt Faulkner
24%
Walt Hansgen
24%
Andy Linden
19%
Andy Sutcliffe
19%
Art Bisch
19%
Cliff Allison
19%
Dave Charlton
19%
Dave Kennedy
19%
Dave Morgan
19%
Dick Gibson
19%
Dick Rathmann
19%
Dieter Quester
19%
Doug Serrurier
19%
Emilio Zapico
19%
Enrico Bertaggia
19%
Erwin Bauer
19%
Gerry Ashmore
19%
Giovanna Amati
19%
Ingo Hoffman
19%
Ivor Bueb
19%
Julian Bailey
19%
Kazuyoshi Hoshino
19%
Keith Andrews
19%
Kurt Kuhnke
19%
Leo Kinnuenen
19%
Leslie Marr
19%
Leslie Thorne
19%
Ludovico Scarfiotti
19%
Masten Gregory
19%
Nideki Noda
19%
Noritake Takahara
19%
Onofre Marimon
19%
Pablo Birger
19%
Piero Taruffi
19%
Ray Reed
19%
Roy Salvadori
19%
Shinji Nakano
19%
Stephane Sarrazin
19%
Stephen South
19%
Thierry Bousten
19%
Toranosuke Takagi
19%
Alfredo Pian
14%
Art Cross
14%
Arthur Legat
14%
Arthur Owen
14%
Artuto Merzario
14%
Carel Godin de Beaufort
14%
Carroll Shelby
14%
Cecil Green
14%
Chico Landi
14%
Cuth Harrison
14%
Dries van der Lof
14%
Duke Dinsmore
14%
Duke Nalon
14%
Elie Bayol
14%
Emanuele Pirro
14%
Ernest Loof
14%
Ernesto Brambilla
14%
Ernie de Vos
14%
Ernie McCoy
14%
Ernie Pieterse
14%
Ernst Klodwig
14%
Giacomo "Geki" Russo
14%
Gunther Bechem
14%
Jay Chamberlain
14%
Jerry Hoyt
14%
Jerry Usner
14%
Keith Greene
14%
Larry Crockett
14%
Larry Perkins
14%
Len Sutton
14%
Marcel Balsa
14%
Red Amick
14%
Robin Montgomerie-Charrington
14%
Robin Widdows
14%
Rudi Fischer
14%
Skip Barber
14%
Troy Ruffman
14%
Vittorio Brambilla
14%
Wayne Weiler
14%
Yannick Dalmas
14%
Cliff Griffith
10%
Desmond Titterington
10%
Ettore Chimeri
10%
Fabrizio Barbazza
10%
Felice Bonetto
10%
Gino Bianco
10%
Giovanni de Riu
10%
Giovanni Lavaggi
10%
Hector Rebaque
10%
Heini Walter
10%
Jesus Iglesias
10%
Kurt Ahrens Jr.
10%
Luki Botha
10%
Mack Hellings
10%
Manny Ayulo
10%
Mauricio Guelmin
10%
Norberto Fontana
10%
Piercarlo Ghinzani
10%
Piero Carini
10%
Piero Drogo
10%
Piero Dusio
10%
Piero Monteverdi
10%
Piero Scotti
10%
Raul Boesel
10%
Rudolf Krause
10%
Rudolf Schoeller
10%
Slim Borgudd
10%
Ted Whiteaway
10%
Theo Fitzau
10%
Theo Helfrich
10%
Tiago Monteiro
10%
Ukyo Katayama
10%
Vern Schuppan
10%
Beppe Gabbiani
5%
Bud Tingelstad
5%
Claudio Langes
5%
Clemente Biodetti
5%
Damien Magee
5%
Dorino Serafini
5%
Duane Carter
5%
Eitel Cantoni
5%
Eppie Wietzes
5%
Ernesto Prinoth
5%
Fritz d'Orey
5%
Fritz Riess
5%
Gaetano Starrabba
5%
Gino Munaron
5%
Giulio Cabianca
5%
Gunter Seiffert
5%
Hap Sharp
5%
Hermann Lang
5%
Hubert Hahne
5%
Huub Furshida
5%
Ignazio Giunti
5%
Marshall Teague
5%
Massimiliano Papis
5%
Massimo Natili
5%
Maurice Trintignant
5%
Menato Boffa
5%
Perry McCarthy
5%
Reine Wisell
5%
Renzo Zorzi
5%
Rupert Keegan
5%
Siefried Stohr
5%
Silvio Moser
5%
Stoffel Vandoome
5%
Tarso Maques
5%
Teddy Pilette
5%
Umberto Maglioli
5%
Vincenzo Sospiri
5%
Volker Weidler
5%
Xavier Perrot
5%
Yves Giraud Cabantous
5%
Azdrubal Fontes
0%
Basil van Rooyen
0%
Bayliss Levrett
0%
Bertil Roos
0%
Brausch Niemann
0%
Cesare Perdisa
0%
Clemar Bucci
0%
Clive Puzey
0%
Consalvo Sanesi
0%
Divina Galica
0%
Domenico Schiattarella
0%
Emanuele Naspetti
0%
Franck Lagorce
0%
Gerino Gerini
0%
Gianfranco Brancatelli
0%
Gijs Van Lennep
0%
Gus Hutchinson
0%
Hiroshi Fushida
0%
Horace Gould
0%
Howden Ganley
0%
Jud Larson
0%
Jyrki Jarvilehto
0%
Lamberto Leoni
0%
Loris Kessel
0%
Mikko Kozarowitzky
0%
Moises Solana
0%
Myron Fohr
0%
Naoki Hattori
0%
Nasif Estefano
0%
Nello Pagani
0%
Neville Lederle
0%
Oswald Karch
0%
Ottorino Volonterio
0%
Otto Stuppacher
0%
Paco Godia
0%
Renato Pirocchi
0%
Rodney Nuckey
0%
Roelof Wunderink
0%
Shorty Templeman
0%
Syd van der Vyver
0%
Toulo de Graffenried
0%
No matching quizzes found
Score Distribution
Percent of People with Each Score
Percentile by Number Answered
Your Score History
You have not taken this quiz since the last reset